000 00906cab a22002055a 4500
001 L146847
008 090304e20090228xxk f 000 0 eng d
035 _a(Sirsi) u146847
041 0 _aeng
100 1 _aHerbert-Smith, Martyn
245 0 2 _aA spiral of falling prices
260 _c2009
490 0 _aEstates Gazette
_v(0908) 28 January 2009, 106-108(2)
520 _aReveals that property funds have become more popular investment vehicles, but that poor performance has had a severe effect on property prices. Considers what the key issues are for investors and investment funds and discusses the types of claim that may be brought against advisers. Concludes that investor claims might well increase due to the economic downturn.
590 _aKA
651 4 _aUnited Kingdom
_y
690 _aPROPERTY-COMMERCIAL PROPERTY-COMMERCIAL PROPERTY MARKET
700 1 _aPemberton, Simon
942 _n0
999 _c81310
_d81310